000 00665nam a2200241Ia 4500
001 dia_4524
003 CHAP
005 20230621125550.0
008 220117s xx 000 0 und d
010 _a175182
040 _aMXCHPUA
082 _a613.6 A7
100 _aArnott Tim
_9156101
245 _aMejore Su Salud: 24 Maneras Realistas /
_c Por Tim Arnott
260 _aMéxico :
_b Agencia De Publicaciones Mexico Central A.C.,
_c
300 _a120 P.
500 _aC/E
650 _a1.
_x La Salud
_9156102
901 _a613.6 A7
902 _aM
905 _a000000 MX A 0000000000SPA00
942 _cLIBRO
_2ddc
999 _c175182
_d175182